| 000 -LEADER | |
|---|---|
| fixed length control field | 00409cam a22001574a 4500 |
| 020 ## - INTERNATIONAL STANDARD BOOK NUMBER | |
| ISBN | 0072822732 (alk. paper) |
| 050 00 - LIBRARY OF CONGRESS CALL NUMBER | |
| Classification number | HF5667 |
| 100 1# - MAIN ENTRY--AUTHOR NAME | |
| Personal name | Whittington, Ray, |
| 245 10 - TITLE STATEMENT | |
| Title | Principles of auditing and other assurance services / |
| 250 ## - EDITION STATEMENT | |
| Edition statement | 14th ed. |
| 260 ## - PUBLICATION, DISTRIBUTION, ETC. (IMPRINT) | |
| Place of publication | Boston : |
| Name of publisher | McGraw-Hill/Irwin, |
| Year of publication | c2004. |
| 300 ## - PHYSICAL DESCRIPTION | |
| Number of Pages | xxvii, 763 p. : |
| Other physical details | ill. ; |
| 650 #0 - SUBJECT ADDED ENTRY--TOPICAL TERM | |
| Topical Term | Auditing. |
| 700 1# - ADDED ENTRY--PERSONAL NAME | |
| Personal name | Pany, Kurt. |
| 942 ## - ADDED ENTRY ELEMENTS (KOHA) | |
| Koha item type | Books |
| Koha item type | Collection code | Shelving location | Accession Number | Permanent Location | Current Location | Date acquired | Full call number |
|---|---|---|---|---|---|---|---|
| Books | Lending | Lending | 1437 | Chapman Library | Chapman Library | 2016-05-05 | HF5667whi |
| Books | Lending | Lending | 1438 | Chapman Library | Chapman Library | 2016-05-05 | HF5667whi |
| Books | Lending | Lending | 1439 | Chapman Library | Chapman Library | 2016-05-05 | HF5667whi |
| Books | Lending | Lending | 1440 | Chapman Library | Chapman Library | 2016-05-05 | HF5667whi |
| Books | Reference | Reference | 1441 | Chapman Library | Chapman Library | 2016-05-05 | HF5667whi |
| Books | Reference | Reference | 1442 | Chapman Library | Chapman Library | 2016-05-05 | HF5667whi |

